00495nam a2200205Ia 4500008004100000020001800041050001400059100001500073245003200088245004300120260001500163260001600178260000900194300001500203300002700218300001000245440002000255440000600275500000800281170918s9999 xx 000 0 und d a9780545053785 bS879 2008 aStone, Rex aCharge of the triceratops / cRex Stone ; illustrated by Mike Spoor. aNew York : bScholastic, c2008 a68 pages : bcolored illustration ; c19cm. aDinosaur cove ; v2 a700